00670nam a2200193Ia 4500008004100000020001800041082001500059100002400074245006400098250000900162260007000171300002800241500001900269600001500288650001500303942000700318952013400325999001700459240925s9999 xx 000 0 und d a9789339204686 a658.85 FUT aFutrell, Charles M. 0aFundamentals of Selling: customers for life through service a12th aNew Delhi:bMcGraw Hill Education (India) Private Limitedc,2016. avii, 807p.b0fOriginal aIncludes Index aManagement aManagement cBK 001040708MANaUITUbUITUd2019-01-22eAllied Book Companyg1331.20l0o658.85 FUTpQ13923r2024-09-25 07:17:03w2024-09-25yBK c16422d16422